[Event "festival54"]
[Site "?"]
[Date "2016.02.17"]
[Round "2.4"]
[White "Jessel, Stephen"]
[Black "Mager, Denis"]
[Result "1-0"]
[LiveChessVersion "1.4.7"]
[BlackElo "2239"]
[WhiteElo "2336"]

1. Nf3 {[%clk 1:30:33]} d5 {[%clk 1:30:48]} 2. c4 {[%clk 1:30:24]} c6
{[%clk 1:31:09]} 3. g3 {[%clk 1:30:36]} g6 {[%clk 1:31:12]} 4. Bg2
{[%clk 1:27:25]} Bg7 {[%clk 1:31:19]} 5. Qa4 {[%clk 1:18:10]} Nf6
{[%clk 1:29:47]} 6. cxd5 {[%clk 1:16:23]} Nxd5 {[%clk 1:30:11]} 7. d4
{[%clk 1:15:34]} Na6 {[%clk 1:26:44]} 8. O-O {[%clk 1:14:53]} O-O
{[%clk 1:26:07]} 9. e4 {[%clk 0:56:14]} Nb6 {[%clk 1:25:57]} 10. Qc2
{[%clk 0:51:14]} Bg4 {[%clk 1:23:17]} 11. Rd1 {[%clk 0:47:48]} Qc8
{[%clk 1:20:14]} 12. Bg5 {[%clk 0:38:38]} Qe6 {[%clk 1:17:11]} 13. Nc3
{[%clk 0:37:14]} Rfd8 {[%clk 1:15:43]} 14. Ne2 {[%clk 0:29:23]} h6
{[%clk 1:11:35]} 15. Bd2 {[%clk 0:25:25]} Qf6 {[%clk 0:54:54]} 16. Bc3
{[%clk 0:16:53]} Bxf3 {[%clk 0:52:56]} 17. e5 {[%clk 0:16:27]} Qf5
{[%clk 0:51:27]} 18. Qxf5 {[%clk 0:16:37]} gxf5 {[%clk 0:51:50]} 19. Bxf3
{[%clk 0:17:03]} Nd5 {[%clk 0:49:58]} 20. Ba5 {[%clk 0:14:43]} Rd7
{[%clk 0:49:23]} 21. Rac1 {[%clk 0:12:09]} Nac7 {[%clk 0:49:01]} 22. Bg2
{[%clk 0:10:54]} e6 {[%clk 0:47:29]} 23. a3 {[%clk 0:08:01]} Ne8 {[%clk 0:47:07]}
24. Nc3 {[%clk 0:05:11]} f6 {[%clk 0:43:11]} 25. Nxd5 {[%clk 0:04:52]} cxd5
{[%clk 0:42:08]} 26. f4 {[%clk 0:04:57]} Bf8 {[%clk 0:38:49]} 27. Rc2
{[%clk 0:03:45]} Be7 {[%clk 0:38:35]} 28. Bf1 {[%clk 0:02:28]} a6
{[%clk 0:37:55]} 29. Rdc1 {[%clk 0:01:08]} Bd8 {[%clk 0:38:13]} 30. Bxd8
{[%clk 0:00:50]} Raxd8 {[%clk 0:38:20]} 31. b4 {[%clk 0:00:58]} Rg7
{[%clk 0:34:04]} 32. Kf2 {[%clk 0:00:57]} fxe5 {[%clk 0:34:07]} 33. dxe5
{[%clk 0:00:36]} d4 {[%clk 0:31:00]} 34. Rc4 {[%clk 0:00:35]} Rgd7
{[%clk 0:30:58]} 35. Ke2 {[%clk 0:00:42]} Kf7 {[%clk 0:30:19]} 36. Kd3
{[%clk 0:00:59]} Ke7 {[%clk 0:30:08]} 37. Bg2 {[%clk 0:01:17]} b5
{[%clk 0:27:57]} 38. Rc5 {[%clk 0:00:53]} Ra7 {[%clk 0:27:22]} 39. R1c2
{[%clk 0:00:34]} Rdd7 {[%clk 0:24:21]} 40. Bc6 {[%clk 0:00:35]} Rd8
{[%clk 0:24:15]} 41. Bxe8 {[%clk 0:00:41]} Kxe8 {[%clk 0:24:13]} 42. Rc7
{[%clk 0:00:48]} Rd7 {[%clk 0:23:36]} 43. Rxd7 {[%clk 0:00:37]} Kxd7
{[%clk 0:23:31]} 44. Kxd4 {[%clk 0:00:40]} a5 {[%clk 0:23:08]} 45. Rc5
{[%clk 0:00:33]} axb4 {[%clk 0:23:07]} 46. axb4 {[%clk 0:01:02]} Ra2
{[%clk 0:22:56]} 47. Rxb5 {[%clk 0:01:10]} Rd2+ {[%clk 0:22:26]} 48. Ke3
{[%clk 0:00:59]} Rxh2 {[%clk 0:21:52]} 49. Rb7+ {[%clk 0:01:02]} Kc6
{[%clk 0:19:59]} 50. Re7 {[%clk 0:01:27]} Kd5 {[%clk 0:19:51]} 51. Rd7+
{[%clk 0:01:32]} Kc4 {[%clk 0:20:14]} 52. Rd4+ {[%clk 0:01:15]} Kc3
{[%clk 0:18:47]} 53. Rd6 {[%clk 0:01:20]} Kxb4 {[%clk 0:17:55]} 54. Rxe6
{[%clk 0:01:44]} Kc4 {[%clk 0:18:11]} 55. Rf6 {[%clk 0:01:24]} Kd5
{[%clk 0:16:43]} 56. Rxf5 {[%clk 0:01:24]} Ke6 {[%clk 0:16:59]} 57. Rf6+
{[%clk 0:01:41]} Ke7 {[%clk 0:17:28]} 58. Kf3 {[%clk 0:01:55]} h5
{[%clk 0:17:31]} 59. Rh6 {[%clk 0:01:52]} Kf7 {[%clk 0:17:49]} 60. f5
{[%clk 0:01:18]} Kg7 {[%clk 0:18:16]} 61. Rg6+ {[%clk 0:01:10]} Kf7
{[%clk 0:18:41]} 62. Ra6 {[%clk 0:01:09]} h4 {[%clk 0:18:38]} 63. Rh6
{[%clk 0:00:48]} h3 {[%clk 0:18:45]} 64. Kg4 {[%clk 0:01:03]} Ke7 1-0

[Event "festival54"]
[Site "?"]
[Date "2016.02.17"]
[Round "2.5"]
[White "Iglesias, Joachim"]
[Black "Migot, Tangi"]
[Result "1-0"]
[LiveChessVersion "1.4.7"]
[BlackElo "2397"]
[WhiteElo "2308"]

1. d4 {[%clk 1:30:53]} Nf6 {[%clk 1:29:55]} 2. Nf3 {[%clk 1:31:16]} g6
{[%clk 1:29:53]} 3. Nbd2 {[%clk 1:31:41]} c5 {[%clk 1:29:06]} 4. dxc5
{[%clk 1:31:41]} Qa5 {[%clk 1:29:08]} 5. a3 {[%clk 1:31:47]} Qxc5
{[%clk 1:29:17]} 6. b4 {[%clk 1:32:04]} Qc7 {[%clk 1:29:12]} 7. Bb2
{[%clk 1:32:28]} Bg7 {[%clk 1:27:56]} 8. e3 {[%clk 1:32:19]} b6 {[%clk 1:27:53]}
9. Be2 {[%clk 1:26:55]} Bb7 {[%clk 1:27:23]} 10. O-O {[%clk 1:26:37]} O-O
{[%clk 1:27:02]} 11. c4 {[%clk 1:26:52]} d6 {[%clk 1:26:41]} 12. Qb3
{[%clk 1:26:45]} Nbd7 {[%clk 1:25:39]} 13. Bc3 {[%clk 1:26:37]} Rfc8
{[%clk 1:17:36]} 14. Rfc1 {[%clk 1:26:13]} a6 {[%clk 1:09:53]} 15. Qb2
{[%clk 1:25:21]} Nf8 {[%clk 1:04:12]} 16. Nb3 {[%clk 1:09:02]} Ne6
{[%clk 0:59:22]} 17. Nbd4 {[%clk 1:06:09]} Nxd4 {[%clk 0:57:42]} 18. Bxd4
{[%clk 1:03:29]} e5 {[%clk 0:55:09]} 19. Bc3 {[%clk 1:03:02]} Ne4
{[%clk 0:55:20]} 20. Be1 {[%clk 0:59:31]} Qe7 {[%clk 0:51:43]} 21. Qb3
{[%clk 0:49:39]} Qe6 {[%clk 0:44:44]} 22. a4 {[%clk 0:26:15]} d5 {[%clk 0:24:38]}
23. a5 {[%clk 0:14:48]} Nd6 {[%clk 0:17:39]} 24. c5 {[%clk 0:11:07]} bxc5
{[%clk 0:18:02]} 25. bxc5 {[%clk 0:10:35]} Nb5 {[%clk 0:18:18]} 26. Bxb5
{[%clk 0:09:23]} axb5 {[%clk 0:18:43]} 27. Qxb5 {[%clk 0:09:07]} Bc6
{[%clk 0:18:46]} 28. Qe2 {[%clk 0:09:01]} Qf5 {[%clk 0:15:02]} 29. Rab1
{[%clk 0:04:06]} d4 {[%clk 0:12:18]} 30. Rb6 {[%clk 0:04:03]} Bf6
{[%clk 0:09:26]} 31. Bd2 {[%clk 0:03:49]} d3 {[%clk 0:08:13]} 32. Qd1
{[%clk 0:02:53]} Bd8 {[%clk 0:08:33]} 33. Rxc6 {[%clk 0:02:30]} Rxc6
{[%clk 0:08:48]} 34. Qa4 {[%clk 0:02:54]} Rcc8 {[%clk 0:06:15]} 35. e4
{[%clk 0:03:05]} Qe6 {[%clk 0:06:15]} 36. Qa3 {[%clk 0:02:29]} f6
{[%clk 0:04:46]} 37. Qxd3 {[%clk 0:01:57]} Bxa5 {[%clk 0:04:18]} 38. Be3
{[%clk 0:01:49]} Bd8 {[%clk 0:03:02]} 39. h3 {[%clk 0:01:42]} Be7
{[%clk 0:03:28]} 40. Nd2 {[%clk 0:01:01]} Rc7 {[%clk 0:03:25]} 41. Qb5
{[%clk 0:01:07]} Kg7 {[%clk 0:02:04]} 42. Nc4 {[%clk 0:01:04]} Qc6
{[%clk 0:01:36]} 43. Qxc6 {[%clk 0:00:57]} Rxc6 {[%clk 0:02:05]} 44. Nb6
{[%clk 0:01:22]} Ra5 {[%clk 0:01:26]} 45. Nd5 {[%clk 0:01:48]} Kf7
{[%clk 0:01:40]} 46. Rb1 {[%clk 0:01:29]} Bxc5 {[%clk 0:00:46]} 47. Rb7+
{[%clk 0:01:52]} Ke8 {[%clk 0:00:40]} 48. Rb8+ {[%clk 0:00:41]} Kd7
{[%clk 0:00:39]} 49. Rb7+ {[%clk 0:01:06]} Kd8 {[%clk 0:00:39]} 50. Rb8+
{[%clk 0:00:50]} Rc8 {[%clk 0:00:37]} 51. Rxc8+ {[%clk 0:01:04]} Kxc8
{[%clk 0:01:03]} 52. Bxc5 {[%clk 0:01:30]} Rxc5 {[%clk 0:01:30]} 53. Nxf6
{[%clk 0:01:55]} h5 {[%clk 0:00:42]} 54. h4 {[%clk 0:01:59]} Rc6 {[%clk 0:00:34]}
55. Nh7 {[%clk 0:01:58]} Kd7 {[%clk 0:00:45]} 56. Kh2 {[%clk 0:02:02]} Kd6
{[%clk 0:00:36]} 57. Kg3 {[%clk 0:02:04]} Rc3+ {[%clk 0:00:56]} 58. f3
{[%clk 0:02:28]} Ke7 {[%clk 0:01:17]} 59. Ng5 {[%clk 0:02:51]} Kf6
{[%clk 0:01:45]} 60. Nh7+ {[%clk 0:03:10]} Ke7 {[%clk 0:02:07]} 61. Ng5
{[%clk 0:03:36]} Rc7 {[%clk 0:02:34]} 62. Kf2 {[%clk 0:01:13]} Kd6
{[%clk 0:02:44]} 63. Kg3 {[%clk 0:01:39]} Ra7 {[%clk 0:03:09]} 64. Kf2
{[%clk 0:02:02]} Re7 {[%clk 0:03:00]} 65. Ke3 {[%clk 0:01:41]} Rb7
{[%clk 0:03:07]} 66. Kf2 {[%clk 0:02:02]} Kc5 {[%clk 0:03:28]} 67. Ne6+
{[%clk 0:02:12]} Kd6 {[%clk 0:02:42]} 68. Ng5 {[%clk 0:02:38]} Ra7
{[%clk 0:03:09]} 69. Kf1 {[%clk 0:02:35]} Kc5 {[%clk 0:03:32]} 70. Ne6+
{[%clk 0:02:58]} Kc4 {[%clk 0:03:20]} 71. Kf2 {[%clk 0:02:43]} Ra6
{[%clk 0:02:43]} 72. Nc7 {[%clk 0:02:31]} Rc6 {[%clk 0:02:15]} 73. Nd5
{[%clk 0:02:57]} Kd4 {[%clk 0:02:21]} 74. Ne7 {[%clk 0:03:03]} Re6
{[%clk 0:02:45]} 75. Nd5 {[%clk 0:03:25]} Kd3 {[%clk 0:02:36]} 76. Nc7
{[%clk 0:03:49]} Rb6 {[%clk 0:02:05]} 77. Nd5 {[%clk 0:04:15]} Rb2+
{[%clk 0:01:45]} 78. Kf1 {[%clk 0:04:38]} Rb1+ {[%clk 0:00:41]} 79. Kf2
{[%clk 0:05:02]} Rb2+ {[%clk 0:01:08]} 80. Kf1 {[%clk 0:05:28]} Kd4
{[%clk 0:00:45]} 81. Ne7 {[%clk 0:05:43]} Rb6 {[%clk 0:00:50]} 82. Nd5
{[%clk 0:05:52]} Rd6 {[%clk 0:00:38]} 83. Kf2 {[%clk 0:06:05]} Kc5
{[%clk 0:00:41]} 84. Ne7 {[%clk 0:05:43]} Re6 {[%clk 0:00:51]} 85. Nd5
{[%clk 0:05:40]} Kd6 {[%clk 0:01:09]} 86. Kg3 {[%clk 0:05:24]} Kd7
{[%clk 0:01:25]} 87. Kf2 {[%clk 0:05:48]} Rc6 {[%clk 0:01:40]} 88. Kg3
{[%clk 0:05:56]} Ke6 {[%clk 0:01:59]} 89. Ne3 {[%clk 0:06:13]} Kf7
{[%clk 0:01:52]} 90. Nd5 {[%clk 0:06:12]} Kg7 {[%clk 0:01:50]} 91. Ne7
{[%clk 0:06:35]} Ra6 {[%clk 0:01:50]} 92. Nd5 {[%clk 0:06:45]} Kh6
{[%clk 0:01:47]} 93. Ne3 {[%clk 0:07:08]} Re6 {[%clk 0:01:34]} 94. Kh3
{[%clk 0:07:06]} g5 {[%clk 0:01:26]} 95. Nf5+ {[%clk 0:06:47]} Kg6
{[%clk 0:01:48]} 96. Kg3 {[%clk 0:06:46]} Kf6 {[%clk 0:02:13]} 97. Ne3
{[%clk 0:06:59]} Re8 {[%clk 0:01:50]} 98. Nf5 {[%clk 0:07:17]} Rc8
{[%clk 0:01:30]} 99. Ne3 {[%clk 0:07:28]} Rg8 {[%clk 0:01:23]} 100. Nd5+
{[%clk 0:07:01]} Ke6 {[%clk 0:01:42]} 101. Ne3 {[%clk 0:07:20]} Kf7
{[%clk 0:01:51]} 102. hxg5 {[%clk 0:07:03]} Rxg5+ {[%clk 0:00:54]} 103. Kh4
{[%clk 0:07:28]} Kf6 {[%clk 0:00:33]} 104. Nd5+ {[%clk 0:07:32]} Kg6
{[%clk 0:00:58]} 105. g3 {[%clk 0:07:51]} Kh6 {[%clk 0:00:39]} 106. Ne7
{[%clk 0:08:01]} Rg6 {[%clk 0:00:35]} 107. Nxg6 {[%clk 0:08:21]} Kxg6
{[%clk 0:01:02]} 108. f4 {[%clk 0:08:25]} 1-0

[Event "festival54"]
[Site "?"]
[Date "2016.02.18"]
[Round "3.1"]
[White "Migot, Tangi"]
[Black "Micottis, Dorian"]
[Result "1/2-1/2"]
[LiveChessVersion "1.4.7"]
[BlackElo "2331"]
[WhiteElo "2397"]

1. d4 {[%clk 1:28:28]} Nf6 {[%clk 1:30:30]} 2. c4 {[%clk 1:28:52]} g6
{[%clk 1:29:51]} 3. Nc3 {[%clk 1:28:50]} d5 {[%clk 1:30:18]} 4. e3
{[%clk 1:28:55]} Bg7 {[%clk 1:30:10]} 5. Qb3 {[%clk 1:28:54]} e6 {[%clk 1:29:52]}
6. Qa3 {[%clk 1:29:12]} Nc6 {[%clk 1:29:07]} 7. Nf3 {[%clk 1:28:52]} Ne7
{[%clk 1:29:17]} 8. Bd2 {[%clk 1:28:49]} O-O {[%clk 1:28:53]} 9. Rc1
{[%clk 1:28:39]} b6 {[%clk 1:24:56]} 10. cxd5 {[%clk 1:25:01]} exd5
{[%clk 1:23:12]} 11. Be2 {[%clk 1:17:34]} Bb7 {[%clk 1:17:01]} 12. O-O
{[%clk 1:17:09]} Ne4 {[%clk 1:14:19]} 13. Be1 {[%clk 1:16:42]} Qd6
{[%clk 1:06:42]} 14. Qa4 {[%clk 0:47:51]} Rfc8 {[%clk 0:59:55]} 15. Ba6
{[%clk 0:45:22]} Bxa6 {[%clk 0:50:19]} 16. Qxa6 {[%clk 0:44:23]} c6
{[%clk 0:49:48]} 17. b4 {[%clk 0:34:00]} Qd7 {[%clk 0:42:38]} 18. Ne5
{[%clk 0:26:30]} Qe6 {[%clk 0:38:11]} 19. Nd3 {[%clk 0:25:36]} Nf5
{[%clk 0:35:25]} 20. Nf4 {[%clk 0:17:01]} Qe8 {[%clk 0:30:26]} 21. Nxe4
{[%clk 0:15:22]} Qxe4 {[%clk 0:29:13]} 22. Qd3 {[%clk 0:10:37]} Qxd3
{[%clk 0:25:42]} 23. Nxd3 {[%clk 0:11:05]} Nd6 {[%clk 0:25:53]} 24. a4
{[%clk 0:10:14]} f5 {[%clk 0:25:05]} 25. Rc2 {[%clk 0:10:07]} Kf7
{[%clk 0:22:39]} 26. Bc3 {[%clk 0:08:04]} Nc4 {[%clk 0:21:02]} 27. Ra1
{[%clk 0:07:00]} Rab8 {[%clk 0:18:19]} 28. Nb2 {[%clk 0:03:07]} Nxb2
{[%clk 0:15:37]} 29. Bxb2 {[%clk 0:03:32]} c5 {[%clk 0:15:26]} 30. dxc5
{[%clk 0:03:57]} Bxb2 {[%clk 0:15:49]} 31. Rxb2 {[%clk 0:04:23]} bxc5
{[%clk 0:16:10]} 32. b5 {[%clk 0:04:47]} c4 {[%clk 0:14:52]} 33. Kf1
{[%clk 0:03:07]} Ke6 {[%clk 0:10:55]} 34. a5 {[%clk 0:01:51]} c3 {[%clk 0:08:02]}
35. Rb3 {[%clk 0:02:10]} c2 {[%clk 0:08:03]} 36. Rc1 {[%clk 0:02:31]} Rc5
{[%clk 0:06:48]} 37. b6 {[%clk 0:02:33]} axb6 {[%clk 0:05:26]} 38. axb6
{[%clk 0:01:47]} Rc6 {[%clk 0:05:29]} 39. Rb2 {[%clk 0:02:03]} Rbxb6
{[%clk 0:05:49]} 40. Rxb6 {[%clk 0:02:25]} Rxb6 {[%clk 0:06:17]} 41. Rxc2
{[%clk 0:02:49]} Rd6 {[%clk 0:05:52]} 42. g3 {[%clk 0:02:36]} d4 {[%clk 0:06:01]}
43. exd4 {[%clk 0:03:02]} Rxd4 {[%clk 0:06:27]} 44. Rc7 {[%clk 0:03:12]} h5
{[%clk 0:06:35]} 45. Rc6+ {[%clk 0:03:12]} Kf7 {[%clk 0:06:38]} 46. Rc7+
{[%clk 0:03:38]} Ke6 {[%clk 0:07:05]} 47. Rc6+ {[%clk 0:04:04]} Kf7
{[%clk 0:07:30]} 48. Rc7+ {[%clk 0:04:31]} Ke6 1/2-1/2

[Event "festival54"]
[Site "?"]
[Date "2016.02.18"]
[Round "3.2"]
[White "Le Corre, Benjamin"]
[Black "Iglesias, Joachim"]
[Result "1-0"]
[LiveChessVersion "1.4.7"]
[BlackElo "2308"]
[WhiteElo "2303"]

1. d4 {[%clk 1:27:54]} d6 {[%clk 1:30:51]} 2. Nf3 {[%clk 1:28:16]} Nf6
{[%clk 1:31:14]} 3. c4 {[%clk 1:28:42]} Nbd7 {[%clk 1:31:32]} 4. Nc3
{[%clk 1:28:56]} c6 {[%clk 1:31:28]} 5. g3 {[%clk 1:22:27]} e5 {[%clk 1:29:18]}
6. Bg2 {[%clk 1:20:48]} Be7 {[%clk 1:29:16]} 7. O-O {[%clk 1:16:07]} O-O
{[%clk 1:29:09]} 8. Qc2 {[%clk 1:14:37]} Re8 {[%clk 1:28:59]} 9. a3
{[%clk 0:56:12]} a6 {[%clk 1:22:42]} 10. b4 {[%clk 0:53:59]} Bf8 {[%clk 1:19:17]}
11. d5 {[%clk 0:48:21]} cxd5 {[%clk 1:17:04]} 12. cxd5 {[%clk 0:48:43]} Nb6
{[%clk 1:13:34]} 13. Nd2 {[%clk 0:49:03]} Bd7 {[%clk 1:13:29]} 14. Qb3
{[%clk 0:48:36]} Rc8 {[%clk 1:12:52]} 15. Bb2 {[%clk 0:42:34]} Qc7
{[%clk 1:11:03]} 16. Rac1 {[%clk 0:36:57]} Nc4 {[%clk 1:09:07]} 17. Ncb1
{[%clk 0:37:00]} b5 {[%clk 1:03:36]} 18. Qa2 {[%clk 0:29:10]} Qb7
{[%clk 0:54:53]} 19. Nxc4 {[%clk 0:27:19]} bxc4 {[%clk 0:55:06]} 20. Nd2
{[%clk 0:25:57]} Nxd5 {[%clk 0:42:41]} 21. Nxc4 {[%clk 0:25:56]} e4
{[%clk 0:27:23]} 22. Rfd1 {[%clk 0:21:04]} Ba4 {[%clk 0:19:30]} 23. Na5
{[%clk 0:15:47]} Nxb4 {[%clk 0:18:57]} 24. axb4 {[%clk 0:14:59]} Qxb4
{[%clk 0:19:08]} 25. Rxc8 {[%clk 0:13:12]} Rxc8 {[%clk 0:19:34]} 26. Ra1
{[%clk 0:13:23]} Bb5 {[%clk 0:19:50]} 27. Qa3 {[%clk 0:11:52]} d5
{[%clk 0:19:48]} 28. Qxb4 {[%clk 0:07:57]} Bxb4 {[%clk 0:20:16]} 29. Nb3
{[%clk 0:08:14]} Rc2 {[%clk 0:17:46]} 30. Be5 {[%clk 0:08:21]} Bc4
{[%clk 0:05:30]} 31. Nd4 {[%clk 0:06:58]} Rd2 {[%clk 0:05:26]} 32. Nc6
{[%clk 0:07:08]} Bc5 {[%clk 0:04:24]} 33. e3 {[%clk 0:07:29]} f6 {[%clk 0:03:09]}
34. Bd4 {[%clk 0:07:41]} Bxd4 {[%clk 0:02:03]} 35. Nxd4 {[%clk 0:07:44]} Ra2
{[%clk 0:02:24]} 36. Rxa2 {[%clk 0:07:20]} Bxa2 {[%clk 0:02:53]} 37. Nc6
{[%clk 0:06:49]} Kf7 {[%clk 0:03:04]} 38. Na5 {[%clk 0:02:51]} Ke6
{[%clk 0:02:59]} 39. Bf1 {[%clk 0:03:12]} Kd6 {[%clk 0:03:17]} 40. Bxa6
{[%clk 0:00:38]} Kc7 {[%clk 0:03:11]} 41. Nb7 {[%clk 0:00:36]} Kb6
{[%clk 0:03:28]} 42. Nd6 {[%clk 0:01:02]} Kxa6 {[%clk 0:03:44]} 43. Ne8
{[%clk 0:01:26]} Kb5 {[%clk 0:01:53]} 44. Nxg7 {[%clk 0:01:40]} d4
{[%clk 0:01:41]} 45. exd4 {[%clk 0:02:04]} Kc4 {[%clk 0:02:08]} 46. Nh5
{[%clk 0:01:13]} f5 {[%clk 0:02:12]} 47. Ng7 {[%clk 0:01:35]} f4 {[%clk 0:02:06]}
48. gxf4 {[%clk 0:02:01]} Kxd4 {[%clk 0:02:33]} 49. Nf5+ {[%clk 0:02:25]} Kd5
{[%clk 0:02:13]} 50. Kg2 {[%clk 0:02:43]} Ke6 {[%clk 0:02:39]} 51. Ne3
{[%clk 0:02:52]} Kf6 {[%clk 0:03:02]} 52. Kg3 {[%clk 0:03:18]} Bf7
{[%clk 0:02:54]} 53. Kg4 {[%clk 0:03:34]} h6 {[%clk 0:01:48]} 54. Kg3
{[%clk 0:03:42]} Bh5 {[%clk 0:01:23]} 55. h3 {[%clk 0:02:13]} Be2
{[%clk 0:01:33]} 56. Ng4+ {[%clk 0:01:35]} Kg6 {[%clk 0:01:52]} 57. Ne5+
{[%clk 0:01:48]} Kf5 {[%clk 0:02:01]} 58. Nf7 {[%clk 0:02:13]} Kg6
{[%clk 0:02:20]} 59. Nd6 {[%clk 0:02:33]} Bf3 {[%clk 0:02:36]} 60. f5+
{[%clk 0:02:42]} Kg5 {[%clk 0:01:50]} 61. h4+ {[%clk 0:02:58]} Kf6
{[%clk 0:01:30]} 62. Kf4 {[%clk 0:03:23]} Bd1 {[%clk 0:01:18]} 63. Nxe4+
{[%clk 0:03:45]} Ke7 {[%clk 0:01:30]} 64. Ke5 {[%clk 0:04:08]} Bb3
{[%clk 0:01:46]} 65. f6+ {[%clk 0:04:03]} Kf7 {[%clk 0:02:05]} 66. Nd6+
{[%clk 0:04:26]} Kg6 {[%clk 0:02:31]} 67. h5+ {[%clk 0:02:41]} Kh7
{[%clk 0:01:17]} 68. Nf5 {[%clk 0:03:06]} Ba2 {[%clk 0:00:55]} 69. Kd6
{[%clk 0:02:49]} Bf7 {[%clk 0:01:12]} 70. Ke7 {[%clk 0:02:52]} 1-0

[Event "festival54"]
[Site "?"]
[Date "2016.02.18"]
[Round "3.3"]
[White "Mohota, Nisha"]
[Black "Ninov, Nikolai"]
[Result "1/2-1/2"]
[LiveChessVersion "1.4.7"]
[BlackElo "2450"]
[WhiteElo "2257"]

1. d4 {[%clk 1:28:59]} Nf6 {[%clk 1:30:31]} 2. c4 {[%clk 1:29:11]} e6
{[%clk 1:30:31]} 3. g3 {[%clk 1:29:11]} d5 {[%clk 1:23:32]} 4. Nf3
{[%clk 1:29:31]} dxc4 {[%clk 1:23:50]} 5. Bg2 {[%clk 1:29:55]} Nc6
{[%clk 1:19:35]} 6. O-O {[%clk 1:29:59]} Rb8 {[%clk 1:19:13]} 7. Nc3
{[%clk 1:29:16]} Bb4 {[%clk 1:15:57]} 8. Qa4 {[%clk 1:12:47]} Bd7
{[%clk 0:54:55]} 9. Ne5 {[%clk 1:03:23]} Bxc3 {[%clk 0:48:58]} 10. Nxd7
{[%clk 0:53:46]} Qxd7 {[%clk 0:49:00]} 11. bxc3 {[%clk 0:52:33]} b5
{[%clk 0:49:14]} 12. Qc2 {[%clk 0:50:17]} O-O {[%clk 0:48:50]} 13. e4
{[%clk 0:46:00]} b4 {[%clk 0:29:14]} 14. Rd1 {[%clk 0:38:50]} Rfd8
{[%clk 0:28:35]} 15. Bg5 {[%clk 0:36:46]} bxc3 {[%clk 0:23:01]} 16. d5
{[%clk 0:33:08]} exd5 {[%clk 0:22:36]} 17. Bxf6 {[%clk 0:31:48]} gxf6
{[%clk 0:22:50]} 18. exd5 {[%clk 0:31:38]} Ne5 {[%clk 0:22:12]} 19. Qxc3
{[%clk 0:25:53]} Qf5 {[%clk 0:19:22]} 20. f4 {[%clk 0:24:09]} Nd3
{[%clk 0:18:15]} 21. Rd2 {[%clk 0:22:49]} Rxd5 {[%clk 0:11:33]} 22. Qxc4
{[%clk 0:14:17]} Rd7 {[%clk 0:10:24]} 23. Be4 {[%clk 0:11:04]} Qc5+
{[%clk 0:09:57]} 24. Qxc5 {[%clk 0:11:28]} Nxc5 {[%clk 0:10:23]} 25. Rxd7
{[%clk 0:11:49]} Nxd7 {[%clk 0:10:42]} 26. Rc1 {[%clk 0:12:11]} c5
{[%clk 0:09:20]} 27. a4 {[%clk 0:05:44]} Rb4 {[%clk 0:04:42]} 28. Bc6
{[%clk 0:05:26]} Nb8 {[%clk 0:04:47]} 29. Bb5 {[%clk 0:05:52]} a6
{[%clk 0:04:54]} 30. Rxc5 {[%clk 0:05:35]} axb5 {[%clk 0:05:15]} 31. Rc8+
{[%clk 0:06:02]} Kg7 {[%clk 0:05:35]} 32. Rxb8 {[%clk 0:06:29]} Rxa4
{[%clk 0:05:54]} 33. Rxb5 {[%clk 0:06:53]} Ra1+ {[%clk 0:06:00]} 34. Kg2
{[%clk 0:07:18]} Ra2+ {[%clk 0:06:20]} 35. Kg1 {[%clk 0:07:46]} Ra1+
{[%clk 0:06:40]} 36. Kg2 {[%clk 0:08:14]} 1/2-1/2

[Event "festival54"]
[Site "?"]
[Date "2016.02.18"]
[Round "3.4"]
[White "Mager, Denis"]
[Black "Pucher, Sebastien"]
[Result "0-1"]
[LiveChessVersion "1.4.7"]
[BlackElo "2297"]
[WhiteElo "2239"]

1. c4 {[%clk 1:30:57]} g6 {[%clk 1:30:03]} 2. d4 {[%clk 1:30:02]} Bg7
{[%clk 1:30:09]} 3. Nc3 {[%clk 1:19:44]} d6 {[%clk 1:29:21]} 4. e4
{[%clk 1:19:23]} e5 {[%clk 1:29:12]} 5. Be3 {[%clk 1:07:32]} exd4
{[%clk 1:28:13]} 6. Bxd4 {[%clk 1:07:44]} Nf6 {[%clk 1:28:32]} 7. f3
{[%clk 1:04:50]} O-O {[%clk 1:27:15]} 8. Nge2 {[%clk 1:04:27]} Nc6
{[%clk 1:26:36]} 9. Be3 {[%clk 1:04:02]} Ne5 {[%clk 1:25:07]} 10. Nf4
{[%clk 1:00:28]} c6 {[%clk 1:21:19]} 11. Qd2 {[%clk 0:45:50]} g5 {[%clk 1:17:33]}
12. Nfe2 {[%clk 0:42:58]} Nxc4 {[%clk 1:12:03]} 13. Qc1 {[%clk 0:43:24]} Nxe3
{[%clk 1:08:42]} 14. Qxe3 {[%clk 0:43:49]} Qb6 {[%clk 1:07:23]} 15. Qxg5
{[%clk 0:38:09]} Qxb2 {[%clk 1:06:07]} 16. Rb1 {[%clk 0:34:37]} Qa3
{[%clk 1:04:52]} 17. Qd2 {[%clk 0:30:58]} d5 {[%clk 0:57:39]} 18. e5
{[%clk 0:28:10]} Nd7 {[%clk 0:54:58]} 19. f4 {[%clk 0:27:51]} Re8
{[%clk 0:45:38]} 20. Nd4 {[%clk 0:22:10]} f6 {[%clk 0:35:33]} 21. e6
{[%clk 0:14:45]} f5 {[%clk 0:31:48]} 22. Nce2 {[%clk 0:12:32]} Nc5
{[%clk 0:29:24]} 23. Nxf5 {[%clk 0:08:23]} Nd3+ {[%clk 0:17:45]} 24. Kd1
{[%clk 0:08:42]} Nf2+ {[%clk 0:17:39]} 25. Ke1 {[%clk 0:09:05]} Nd3+
{[%clk 0:06:51]} 26. Kd1 {[%clk 0:09:31]} Nf2+ {[%clk 0:07:08]} 27. Ke1
{[%clk 0:09:58]} Ne4 {[%clk 0:06:34]} 28. Qb4 {[%clk 0:08:18]} Qxb4+
{[%clk 0:06:43]} 29. Rxb4 {[%clk 0:08:46]} Bf6 {[%clk 0:06:34]} 30. Nh6+
{[%clk 0:07:13]} Kg7 {[%clk 0:06:38]} 31. Ng4 {[%clk 0:07:06]} Be7
{[%clk 0:06:52]} 32. Rxe4 {[%clk 0:06:01]} dxe4 {[%clk 0:07:04]} 33. f5
{[%clk 0:05:55]} Bb4+ {[%clk 0:06:07]} 34. Kf2 {[%clk 0:04:53]} Rf8
{[%clk 0:06:08]} 35. f6+ {[%clk 0:04:05]} Rxf6+ {[%clk 0:01:04]} 36. Nxf6
{[%clk 0:04:29]} Bc5+ {[%clk 0:01:01]} 37. Kg3 {[%clk 0:04:16]} Kxf6
{[%clk 0:01:23]} 38. Nf4 {[%clk 0:03:17]} Bxe6 {[%clk 0:01:24]} 39. Nxe6
{[%clk 0:03:37]} Kxe6 {[%clk 0:01:40]} 40. Bc4+ {[%clk 0:02:23]} Ke5
{[%clk 0:02:07]} 41. Rd1 b5 {[%clk 0:01:45]} 42. Bb3 {[%clk 0:02:30]} Bd4
{[%clk 0:00:50]} 43. a4 {[%clk 0:02:05]} a6 {[%clk 0:01:02]} 44. Bc2
{[%clk 0:02:08]} Rg8+ {[%clk 0:01:07]} 45. Kh3 {[%clk 0:02:21]} Rf8
{[%clk 0:00:51]} 46. Kg3 {[%clk 0:02:30]} c5 {[%clk 0:00:57]} 47. axb5
{[%clk 0:02:06]} axb5 {[%clk 0:01:24]} 48. h4 {[%clk 0:02:28]} Bf2+
{[%clk 0:01:06]} 49. Kh3 {[%clk 0:02:31]} c4 {[%clk 0:00:34]} 50. Rd7
{[%clk 0:02:27]} e3 {[%clk 0:00:43]} 51. Bd1 {[%clk 0:01:58]} b4 {[%clk 0:00:36]}
52. Rxh7 {[%clk 0:01:38]} b3 {[%clk 0:00:46]} 53. Rb7 {[%clk 0:01:30]} Kd4
{[%clk 0:00:44]} 54. g4 {[%clk 0:01:10]} Kc3 {[%clk 0:00:57]} 55. g5
{[%clk 0:01:23]} Rd8 {[%clk 0:00:56]} 56. Bf3 {[%clk 0:01:26]} Kd2
{[%clk 0:00:57]} 57. h5 {[%clk 0:01:21]} e2 {[%clk 0:00:51]} 58. Bxe2
{[%clk 0:01:44]} Kxe2 {[%clk 0:01:16]} 59. h6 {[%clk 0:02:01]} Bd4
{[%clk 0:00:44]} 60. Kg4 {[%clk 0:01:28]} b2 {[%clk 0:00:45]} 61. g6
{[%clk 0:01:37]} c3 {[%clk 0:00:46]} 62. g7 {[%clk 0:01:28]} Bxg7
{[%clk 0:00:36]} 63. hxg7 {[%clk 0:01:39]} Rg8 {[%clk 0:00:45]} 64. Kf5
{[%clk 0:01:32]} Rxg7 {[%clk 0:00:57]} 0-1